000 00940nam a2200289Ia 4500
003 OSt
005 20221007122357.0
006 a|||||r|||| 00| 0
007 ta
008 221006b |||||||| |||| 00| 0 eng d
020 _a9788173198106 (hbd)
024 _a82607
037 _b00411, 23/12/2008, Total Books India
_cTextbook
040 _aPAPL
_cPAPL
_beng
041 _2eng
_aeng
082 _aC9B2, P8 Carpa
100 _aMan Mohan Ed.
_9452895
245 0 _aAtoms and molecules in laser and external fields
260 _aNew
_bDelhi Narosa Publishing House
_c2008
300 _aviii, 176p.
_ccm.
500 _a''Includes bibliographical references''.; ''Index175-176
650 _a Laser spectroscopy
_9714152
650 _a Molecular dynamics
_9714153
650 _aPhysics
942 _hC9B2, P8 Carpa
_cTB
_2CC
999 _c1210239
_d1210239